Ariège - mort subite - Statistiques

Statistiques générales
  • Ce quiz a été pris 48 fois
    44 depuis la dernière actualisation
  • Le résultat moyen est 9 sur 18
Answers on the Grid
Answers color-coded by a green-red scale on the quiz's grid according to % correct below.
Un aéroport
Bagnères-de-Luchon
Blagnac
Auch
Castres
Les Pyrénées
Dax
Tarascon-sur-Ariège
Nemours
Deux frontières internationales
Le Chateau de Foix
Les Cévennes
Reus
Pique d'Estats
Soueix-Rogalle
Les Cabannes
Montréjeau
Des ours sauvages
Oyo
Le Pic de Montcalm
L'Hospitalet-près-l'Andorre
Manresa
Rieux-de-Pelleport
Ax-les-Thermes
Saint-Girons
Pucallpa
Dunkerque
Luzenac
Les Arrageois
Des isards sauvages
Pamiers
Caloundra
L'Estartit
Lavelanet
Uvira
Ornolac-Ussat-les-Bains
 
Statistiques - réponses
Réponse % Correct
Le Chateau de Foix
81%
Les Pyrénées
81%
Deux frontières internationales
73%
Tarascon-sur-Ariège
73%
Pamiers
65%
Les Cabannes
62%
Saint-Girons
58%
Des ours sauvages
54%
Lavelanet
54%
Ax-les-Thermes
50%
Des isards sauvages
46%
3077 m Le Pic de Montcalm
46%
L'Hospitalet-près-l'Andorre
42%
Luzenac
42%
Ornolac-Ussat-les-Bains
38%
3143 m Pique d'Estats
38%
Soueix-Rogalle
23%
Rieux-de-Pelleport
19%
Aucun quiz correspondant
Distribution des résultats
% des personnes avec chaque résultat
Percentile par nombre de réponses
Votre historique - résultats
Vous n’avez pas pris ce quiz depuis la dernière actualisation